Guess the Midnights Song - Statistics

General Stats
  • This quiz has been taken 40 times
  • The average score is 15 of 20
Answer Stats
Lyric Answer % Correct
Sometimes, I feel like everybody is a sexy babyAnd I'm a monster on the hill Anti-Hero
97%
What's a girl gonna do?A diamond's gotta shine Bejeweled
94%
So, make the friendship bracelets, take the moment and taste itYou've got no reason to be afraid You're On Your Own, Kid
90%
Talk your talk and go viralI just need this love spiral Lavender Haze
87%
My boy was a montageA slow-motion, love potion Midnight Rain
87%
Ladies always rise aboveLadies know what people want Vigilante Shit
84%
Spiderboy, king of thievesWeave your little webs of opacity Karma
81%
Saw a wide smirk on your faceYou knew the entire time Mastermind
81%
Did you ever have someone kiss you in a crowded room Question
81%
It turned into something biggerSomewhere in the haze, got a sense I'd been betrayed The Great War
81%
Sobbing with your head in your handsAin't that the way shit always ends? Maroon
77%
I'm so in love that I might stop breathingDrew a map on your bedroom ceiling Paris
77%
But it's been two-thousand one-hundred ninety days of our love blackout Glitch
71%
You know there's many different ways that you can kill the one you loveThe slowest way is never loving them enough High Infidelity
71%
They said the end is comin'Everyone's up to somethin' Sweet Nothing
71%
I thought the plane was goin' downHow'd you turn it right around? Labyrinth
68%
But, Lord, you made me feel importantAnd then you tried to erase us Would've, Could've, Should've
68%
Every single thing to come has turned into ashes'Cause it's all over, it's not meant to be Bigger Than The Whole Sky
61%
You wouldn't take my word for it if you knew who was talking Dear Reader
61%
My smile is like I won a contestAnd to hide that would be so dishonest Snow on the Beach
55%
No matching quizzes found
Score Distribution
Percent of People with Each Score
Percentile by Number Answered
Your Score History
You have not taken this quiz